Validación cualitativa de recursos gráficos impresos para un sector agrícola costarricense /

Номзүйн дэлгэрэнгүй
Үндсэн зохиолч: Cascante Segura, Aida Elena
Формат: Дипломын ажил Ном
Хэл сонгох:испани
Хэвлэсэн: San Jose, Costa Rica : A. Cascante S., 1994
Нөхцлүүд:

MARC

LEADER 00000nam a2200000 4500
008 190205b1994 CR a|||| |||| 00| 0 spa d
999 |c 3627  |d 3627 
090 |a Tesis # 25 
100 |9 4432  |a Cascante Segura, Aida Elena 
245 1 0 |a Validación cualitativa de recursos gráficos impresos para un sector agrícola costarricense /   |c Aida Elena Cascante Segura 
260 |a San Jose, Costa Rica :  |b A. Cascante S.,  |c 1994 
300 |a  iii, [348] hojas : ilustraciones  
502 |a Proyecto de graduacion (licenciatura en artes plasticas con enfasis en artes graficas)--Universidad de Costa Rica. Facultad de Bellas Artes. Escuela de Artes Plasticas, 1994 
650 1 4 |9 150  |a COMUNICACIÓN 
650 1 4 |9 2541  |a AGRICULTURA 
942 |i 001453  |h Tesis # 25   |2 z  |c 02